Normal view
MARC view
- Kirstein Louis B. Doria
Entry Personal Name
001 - CONTROL NUMBER
- control field: 3877
003 - CONTROL NUMBER IDENTIFIER
- control field: URS
005 - DATE AND TIME OF LATEST TRANSACTION
- control field: 20230228094431.0
008 - FIXED-LENGTH DATA ELEMENTS
- fixed length control field: 230228|| aca||aabn | a|a d
040 ## - CATALOGING SOURCE
- Original cataloging agency: URS
100 ## - HEADING--PERSONAL NAME
- Personal name: Kirstein Louis B. Doria
- Relator term: Author